书目信息 |
| 题名: |
生物影像研究方法=Essential Bioimaging Methods
|
|
| 作者: | 康恩 主编 | |
| 分册: | ||
| 出版信息: | 北京 科学出版社 2011 |
|
| 页数: | 420 | |
| 开本: | 23cm | |
| 丛书名: | ||
| 单 册: | ||
| 中图分类: | Q-334 | |
| 科图分类: | ||
| 主题词: | 生物学--实验 , 生物技术 | |
| 电子资源: | ||
| ISBN: | 7-03-031877-0 | |
| 000 | 00679nam0 2200193 450 | |
| 001 | 1735846483 | |
| 005 | 20170410095726.48 | |
| 010 | @a7-03-031877-0@b精装@d¥128.00 | |
| 100 | @a20170410d km y0chiy0120 ea | |
| 101 | 0 | @achi |
| 200 | 1 | @a生物影像研究方法=Essential Bioimaging Methods@Asheng wu ying xiang yan jiu fang fa=Essential Bioimaging Methods@e英文版@f康恩(Conn,P.M.)主编@Fkang en(Conn,P.M.)zhu bian |
| 210 | @a北京@c科学出版社@d2011 | |
| 215 | @a420@c彩图@d23cm | |
| 606 | 0 | @a生物学@x实验 |
| 606 | 0 | @a生物技术 |
| 690 | @aQ-334@v4 | |
| 701 | 0 | @a康恩@Akang en@bConn,P.M.@4主编 |
| 801 | 0 | @aCN@b大连网信软件有限公司图书馆·11@c20170410 |
| 905 | @b6604529@dQ-334@en2@f1 | |
| 生物影像研究方法=Essential Bioimaging Methods:英文版/康恩(Conn,P.M.)主编.-北京:科学出版社,2011 |
| 420:彩图;23cm |
| ISBN 7-03-031877-0(精装):¥128.00 |
| ● |
| 相关链接 |
|
|
|
|
正题名:生物影像研究方法=Essential Bioimaging Methods
索取号:Q-334/n2
 
预约/预借
| 序号 | 登录号 | 条形码 | 馆藏地/架位号 | 状态 | 备注 |
| 1 | 6604529 | 266045291 | 密集书库-生命科学系/ [索取号:Q-334/n2] | 在馆 |